The Representation of immigration in american media discourse (2014-2019) : (رقم التسجيلة. 179481)

تفاصيل مارك
000 -LEADER
fixed length control field 04206namaa22004211i 4500
003 - CONTROL NUMBER IDENTIFIER
control field EG-GICUC
005 - أخر تعامل مع التسجيلة
control field 20260414131359.0
008 - FIXED-LENGTH DATA ELEMENTS--GENERAL INFORMATION
fixed length control field 260414s2025 ua a|||frm||| 000 0 eng d
040 ## - CATALOGING SOURCE
Original cataloguing agency EG-GICUC
Language of cataloging eng
Transcribing agency EG-GICUC
Modifying agency EG-GICUC
Description conventions rda
041 0# - LANGUAGE CODE
Language code of text/sound track or separate title eng
Language code of summary or abstract eng
-- ara
049 ## - Acquisition Source
Acquisition Source Deposit
082 04 - DEWEY DECIMAL CLASSIFICATION NUMBER
Classification number 428.2
092 ## - LOCALLY ASSIGNED DEWEY CALL NUMBER (OCLC)
Classification number 428.2
Edition number 21
097 ## - Degree
Degree Ph.D
099 ## - LOCAL FREE-TEXT CALL NUMBER (OCLC)
Local Call Number Cai01.02.12.Ph.D.2025.No.R
100 0# - MAIN ENTRY--PERSONAL NAME
Authority record control number or standard number Nouran Sadaqa Abd-Elrahman Sadaqa,
Preparation preparation.
245 14 - TITLE STATEMENT
Title The Representation of immigration in american media discourse (2014-2019) :
Remainder of title a critical-cognitive, corpus-based approach /
Statement of responsibility, etc. by Nouran Sadaqa Abd-Elrahman Sadaqa ; Supervision Prof. Amira Agameya.
246 15 - VARYING FORM OF TITLE
Title proper/short title تمثيل الهجرة في الخطاب الإعلامي الأمريكي(٢٠١٤-٢٠١٩) :
Remainder of title تحليل نقدي إدراكي قائم على ذخيرة لغوية
264 #0 - PRODUCTION, PUBLICATION, DISTRIBUTION, MANUFACTURE, AND COPYRIGHT NOTICE
Date of production, publication, distribution, manufacture, or copyright notice 2025.
300 ## - PHYSICAL DESCRIPTION
Extent 245 pages :
Other physical details illustrations ;
Dimensions 25 cm. +
Accompanying material CD.
336 ## - CONTENT TYPE
Content type term text
Source rda content
337 ## - MEDIA TYPE
Media type term Unmediated
Source rdamedia
338 ## - CARRIER TYPE
Carrier type term volume
Source rdacarrier
502 ## - DISSERTATION NOTE
Dissertation note Thesis (Ph.D)-Cairo University, 2025.
504 ## - BIBLIOGRAPHY, ETC. NOTE
Bibliography, etc. note Bibliography: pages 226-245.
520 #3 - SUMMARY, ETC.
Summary, etc. This dissertation examines the ideological representation of refugees, asylum seekers, immigrants, and migrants (RASIM) in U.S. news media. Integrating Corpus Linguistics (CL), Critical Discourse Analysis (CDA), and cognitive-linguistic frameworks, it analyzes how Fox News, The New York Times, and USA Today construct immigration discourse. A 156-million-word corpus from 2014–2019 was studied using Sketch Engine to identify collocational patterns, concordances, and force-dynamic conceptualizations. The study investigates semantic prosody, nomination, and predication strategies to reveal ideological stances. Findings show that media outlets differ in foregrounding, backgrounding, or excluding RASIM groups, reflecting political orientation and presidential transitions. The research demonstrates the value of combining corpus-based and cognitive-discourse approaches for critical media analysis.
520 #3 - SUMMARY, ETC.
Summary, etc. تبحث هذه الدراسة في التمثيل الأيديولوجي للاجئين وطالبي اللجوء والمهاجرين في وسائل الإعلام الأمريكية. من خلال دمج اللغويات الكوربوسية (CL) والتحليل النقدي للخطاب (CDA) والأطر اللغوية الإدراكية، تحلل الدراسة كيف تقوم كل من قناة فوكس نيوز ونيويورك تايمز ويو إس إيه توداي ببناء خطاب الهجرة. تم استخدام كوربوس مكون من 156 مليون كلمة للفترة 2014–2019 عبر أداة Sketch Engine لتحديد الأنماط التركيبية للكلمات، والتحليلات السياقية، والمفاهيم الديناميكية للقوة. تبحث الدراسة في الدلالات الدلالية، واستراتيجيات التسمية والوصف، للكشف عن المواقف الأيديولوجية. أظهرت النتائج أن وسائل الإعلام تختلف في طريقة إبراز، أو إخفاء، أو تجاهل مجموعات اللاجئين والمهاجرين، بما يعكس الانتماءات السياسية والتغيرات في الإدارات الرئاسية. توضح الدراسة أهمية الجمع بين الأساليب الكوربوسية والتحليلية المعرفية لفهم تأثير وسائل الإعلام على التمثيلات الاجتماعية للهجرة
530 ## - ADDITIONAL PHYSICAL FORM AVAILABLE NOTE
Issues CD Issues also as CD.
546 ## - LANGUAGE NOTE
Text Language Text in English and abstract in Arabic & English.
650 #0 - SUBJECT ADDED ENTRY--TOPICAL TERM
Topical term or geographic name entry element english language
650 #0 - SUBJECT ADDED ENTRY--TOPICAL TERM
Topical term or geographic name entry element اللغة الانجليزية
653 #1 - INDEX TERM--UNCONTROLLED
Uncontrolled term media discourse
-- semantic prosody
-- ideology
-- corpus
-- force
-- assisted critical discourse analysis
-- dynamics
-- الخطاب الإعلامي
-- البروز الدلالي
700 0# - ADDED ENTRY--PERSONAL NAME
Personal name Amira Agameya
Relator term thesis advisor.
900 ## - Thesis Information
Grant date 01-01-2025
Supervisory body Amira Agameya
Universities Cairo University
Faculties Faculty of Arts
Department Department of English
905 ## - Cataloger and Reviser Names
Cataloger Name Shimaa
942 ## - ADDED ENTRY ELEMENTS (KOHA)
Source of classification or shelving scheme Dewey Decimal Classification
Koha item type Thesis
Edition 21
Suppress in OPAC No
المقتنيات
Source of classification or shelving scheme Home library Current library Date acquired Inventory number Full call number Barcode Date last seen Effective from Koha item type
Dewey Decimal Classification المكتبة المركزبة الجديدة - جامعة القاهرة قاعة الرسائل الجامعية - الدور الاول 14.04.2026 93770 Cai01.02.12.Ph.D.2025.No.R 01010110093770000 14.04.2026 14.04.2026 Thesis
Cairo University Libraries Portal Implemented & Customized by: Eng. M. Mohamady Contacts: new-lib@cl.cu.edu.eg | cnul@cl.cu.edu.eg
CUCL logo CNUL logo
© All rights reserved — Cairo University Libraries
CUCL logo
Implemented & Customized by: Eng. M. Mohamady Contact: new-lib@cl.cu.edu.eg © All rights reserved — New Central Library
CNUL logo
Implemented & Customized by: Eng. M. Mohamady Contact: cnul@cl.cu.edu.eg © All rights reserved — Cairo National University Library